000 00639nam a2200217 a 4500
005 20240925064938.0
008 020114s1994 mx r 000 0 spa d
020 _a8471189801
035 _aUPN01000114548
049 _aCG
050 4 _aBF318
_bR6.3
100 1 _aRos Amador, Carlos
245 1 4 _aLos estudios y el desarrollo intelectual /
_cCarlos Ros Amador.
260 _aMadrid :
_bPalabra,
_c1994.
300 _a264 p.
440 0 _aHacer familia ;
_v17.
_pSerie A : cómo educar
650 4 _aPsicología del aprendizaje
_95221
650 2 _aCognición en niños
_94094
650 4 _aEducación familiar
_97274
905 _aLibro
999 _c88455
_d88455